| 000 | 00594nam a2200193Ia 4500 | ||
|---|---|---|---|
| 003 | GCL | ||
| 008 | 140319s9999 xx 000 0 ara d | ||
| 040 |
_aGCL / _cGCL |
||
| 082 | 0 | 4 |
_a810.009 _bع ر |
| 100 | 1 | _aعاطف جودة نصر | |
| 245 | 1 | 0 |
_aالرمز الشعرى عند الصوفية / _cعاطف جودة نصر |
| 300 | _a525 ص | ||
| 490 |
_aالهيئة العامة للاستعلامات _v0 |
||
| 650 | 0 | 4 | _aالتصوف الاسلامى |
| 650 | 0 | 4 | _aالتصوف |
| 650 | 0 | 4 | _aالادب - تاريخ ونقد |
| 650 | 0 | 4 | _aالشعر الصوفى |
| 942 |
_2ddc _cBK |
||
| 999 |
_c47764 _d47764 |
||